000 00221nam a2200085Ia 4500
245 0 _aSanta girls
100 _a GALLAGHER, Diana G. New York, 2003
_972039
942 _cBK
008 210819s9999 xx 000 0 und d
999 _c296673
_d296672